[Event "BL9495 women"]
[Site "GER"]
[Date "1995.??.??"]
[Round "203"]
[White "Burchardt, Brigitte"]
[Black "Micic, Jordanka"]
[Result "1-0"]
[WhiteElo "2275"]
[BlackElo "2350"]
[PlyCount "81"]
[EventDate "1994.10.??"]
[Source "www.chesslib.no"]
[SourceDate "2004.05.04"]

1. e4 e5 2. Bc4 Nc6 3. d3 Nf6 4. Bg5 h6 5. Bh4 d6 6. Nc3 g5 7. Bg3 Qe7 8. f3 Be6 9. Nge2 O-O-O 10. Nd5 Bxd5 11. exd5 Nd4 12. c3 Nxe2 13. Qxe2 Nh5 14. Bf2 Nf4 15. Qf1 Kb8 16. g3 Ng6 17. O-O-O f5 18. Qe2 Bg7 19. Rhe1 Qf7 20. Qc2 Ne7 21. Bg1 Nc8 22. a4 h5 23. a5 g4 24. Rf1 f4 25. Kb1 Bh6 26. a6 Nb6 27. axb7 Rhf8 28. fxg4 hxg4 29. d4 f3 30. dxe5 dxe5 31. Qe4 Qf5 32. Rde1 Bd2 33. Qxf5 Rxf5 34. Re4 Rg5 35. Kc2 Rh8 36. Rf2 Rgh5 37. Rxd2 Rxh2 38. Rxe5 Rg2 39. d6 Rd8 40. Rxg2 fxg2 41. Re1 1-0

[Event "Sitges Open 29th"]
[Site "?"]
[Date "2003.07.22"]
[Round "5"]
[White "Kuijf Rini"]
[Black "Coll Enriquez Lluis"]
[Result "1-0"]
[WhiteElo "2431"]
[BlackElo "2183"]
[PlyCount "79"]
[EventDate "2003.??.??"]
[Source "www.chesslib.no"]
[SourceDate "2004.05.04"]

1. e4 e5 2. Bc4 d6 3. Nc3 Nf6 4. d3 Be7 5. f4 Bg4 6. Nf3 Nc6 7. h3 Bxf3 8. Qxf3 Na5 9. Bb3 Nxb3 10. axb3 Nd7 11. O-O c6 12. fxe5 Nxe5 13. Qf2 Bh4 14. g3 Bf6 15. Rxa7 Rb8 16. Kg2 O-O 17. Be3 Ng6 18. Raa1 h5 19. Qf3 h4 20. g4 Be5 21. Qf5 Qc7 22. d4 Bg3 23. Qa5 b6 24. Qa7 Rb7 25. Qa6 Re8 26. Qd3 Qe7 27. Rf5 b5 28. b4 d5 29. e5 Qxb4 30. b3 Rd7 31. Raf1 Re6 32. Ne2 c5 33. Ra1 c4 34. Ra8+ Nf8 35. Qd2 Qe7 36. Nxg3 hxg3 37. Bg5 f6 38. Bh4 Kf7 39. Bxg3 cxb3 40. cxb3 1-0

[Event "Sao Paulo-ch"]
[Site "Sao Paulo"]
[Date "1996.??.??"]
[Round "7"]
[White "De Toledo, James Mann"]
[Black "Pereira, Silvio Cunha"]
[Result "1-0"]
[WhiteElo "2400"]
[BlackElo "2210"]
[PlyCount "49"]
[EventDate "1996.??.??"]
[Source "www.chesslib.no"]
[SourceDate "2004.05.04"]

1. e4 e5 2. Bc4 Nc6 3. d3 Bc5 4. Nc3 d6 5. Na4 Qf6 6. Nxc5 dxc5 7. Be3 b6 8. Ne2 Nge7 9. O-O g5 10. c3 Be6 11. Qa4 O-O 12. Rfd1 Rad8 13. Bb5 Rd6 14. d4 cxd4 15. cxd4 exd4 16. Nxd4 Rfd8 17. Bxc6 Bg4 18. f3 Nxc6 19. Nxc6 Bd7 20. Rxd6 Qxd6 21. Rd1 Qf6 22. Qc4 b5 23. Qc5 Bxc6 24. Rxd8+ Qxd8 25. Qxc6 1-0

[Event "Bad Zwesten op 1st"]
[Site "Bad Zwesten"]
[Date "1997.??.??"]
[Round "5"]
[White "Breder, Dennis"]
[Black "Meijers, Viesturs"]
[Result "0-1"]
[WhiteElo "2155"]
[BlackElo "2455"]
[PlyCount "88"]
[EventDate "1997.01.02"]
[Source "ChessBase"]

1. e4 e5 2. Bc4 d6 3. Ne2 Be6 4. Bb3 Nf6 5. Nbc3 Bxb3 6. axb3 g6 7. d4 exd4 8. Nxd4 Bg7 9. O-O h6 10. Be3 O-O 11. Nde2 Nc6 12. f3 a6 13. Qd2 Kh7 14. Nf4 Qd7 15. Kh1 Rae8 16. Rae1 Qd8 17. Qf2 Nd7 18. Qg3 Nde5 19. Qh3 f5 20. exf5 Rxf5 21. Ne4 Nf7 22. g4 Rfe5 23. Nd3 R5e6 24. Nf4 Re5 25. Nd3 Rb5 26. Nc3 Bxc3 27. bxc3 Nce5 28. Nb4 a5 29. Na2 a4 30. f4 Nc6 31. c4 Ra5 32. b4 Ra8 33. g5 Rg8 34. f5 Nce5 35. fxg6+ Rxg6 36. gxh6 Qe8 37. Rg1 Qc6+ 38. Rg2 Rag8 39. Reg1 Nf3 40. Rf1 N7e5 41. b5 Qe4 42. Nc3 Qxe3 43. Nd5 Rxg2 44. Qf5+ R8g6 0-1

[Event "Oberliga Bayern 9495"]
[Site "Bayern"]
[Date "1995.??.??"]
[Round "4"]
[White "Schreiner, Richard"]
[Black "Schoellmann, Jochen"]
[Result "1/2-1/2"]
[WhiteElo "2225"]
[BlackElo "2385"]
[PlyCount "122"]
[EventDate "1994.10.??"]
[Source "www.chesslib.no"]
[SourceDate "2004.05.04"]

1. e4 e5 2. Bc4 Nc6 3. d3 Bc5 4. Nc3 Na5 5. Nf3 Nxc4 6. dxc4 d6 7. Bg5 f6 8. Bd2 Be6 9. Qe2 Qd7 10. O-O Ne7 11. Nd5 c6 12. Nc3 a6 13. b3 d5 14. Rfd1 Qc7 15. cxd5 cxd5 16. exd5 Nxd5 17. Ne4 O-O 18. c4 Nb6 19. Ba5 Qc6 20. Nxc5 Qxc5 21. Qd2 Rfd8 22. Qb4 Rxd1+ 23. Rxd1 Qxb4 24. Bxb4 Kf7 25. Rd6 Nd7 26. Nd2 a5 27. Ba3 a4 28. b4 Rc8 29. Ne4 Bf5 30. f3 Ke8 31. c5 Bxe4 32. fxe4 Ke7 33. Rd5 b6 34. c6 Rxc6 35. b5+ Rc5 36. Kf2 Ke6 37. Bxc5 Nxc5 38. Ke3 Nxe4 39. Rd8 Nc3 40. Rc8 Nxa2 41. Rc6+ Kd5 42. Rxb6 a3 43. Rc6 Nb4 44. Rc1 Kd6 45. Kd2 Nd5 46. Rc6+ Kd7 47. Ra6 Kc7 48. Rxa3 Kb6 49. Rb3 e4 50. Ra3 Kxb5 51. Ra7 g5 52. Rxh7 Kc4 53. Ra7 Kd4 54. Ra4+ Ke5 55. Rc4 f5 56. g3 g4 57. Ke2 f4 58. gxf4+ Kxf4 59. Kf2 Ne7 60. Rc7 Nf5 61. Rc4 g3+ 1/2-1/2

[Event "ESP Team Ch"]
[Site "Cala Galdana ESP"]
[Date "1994.??.??"]
[Round "1"]
[White "Rahal, Michael"]
[Black "Alonso Arburu, Juan Ignacio"]
[Result "1-0"]
[WhiteElo "2310"]
[BlackElo "2295"]
[PlyCount "41"]
[EventDate "1994.??.??"]
[Source "www.chesslib.no"]
[SourceDate "2004.05.04"]

1. e4 e5 2. Bc4 d6 3. Nf3 c6 4. d4 Nd7 5. O-O Be7 6. Nc3 Ngf6 7. a4 h6 8. Ba2 a5 9. dxe5 dxe5 10. Nh4 Qc7 11. Nf5 Bf8 12. Qe2 Nc5 13. f4 Ne6 14. Kh1 exf4 15. e5 Nd7 16. Bxe6 fxe6 17. Qh5+ Kd8 18. Bxf4 Qb6 19. Qf7 g5 20. Be3 Bc5 21. Ng7 1-0

[Event "It (Open) Canberra AUS"]
[Site "?"]
[Date "2006.04.16"]
[Round "6"]
[White "Lane Gary W"]
[Black "Wright Neil"]
[Result "1-0"]
[WhiteElo "2440"]
[BlackElo "2163"]
[PlyCount "73"]
[EventDate "2006.??.??"]
[Source "www.chesslib.no"]
[SourceDate "2004.05.04"]

1. e4 e5 2. Bc4 d6 3. Nf3 Bg4 4. c3 c6 5. h3 Bh5 6. O-O Nf6 7. d3 Be7 8. Bb3 Qc7 9. Re1 Nbd7 10. Nbd2 d5 11. Nf1 dxe4 12. dxe4 O-O-O 13. Qe2 Nc5 14. Bc2 Bg6 15. Ng3 Rhe8 16. Nh4 Ne6 17. Ngf5 Bc5 18. b4 Bb6 19. a4 a6 20. Qf3 c5 21. a5 Ba7 22. Be3 Kb8 23. Ba4 Rg8 24. b5 axb5 25. Bxb5 Ne8 26. Reb1 Ka8 27. Bc4 Nf4 28. a6 b6 29. Bxf4 exf4 30. e5+ Kb8 31. Qxf4 Rf8 32. Rd1 Nf6 33. Nd6 Nd7 34. Nb5 Qxe5 35. Rxd7 Qxf4 36. Rb7+ Ka8 37. Rxa7+ 1-0

[Event "Moscow-ch"]
[Site "Moscow"]
[Date "1996.??.??"]
[Round "3"]
[White "Guseinov, Kadir"]
[Black "Evelev, Vladimir M"]
[Result "1-0"]
[WhiteElo "2265"]
[BlackElo "2335"]
[PlyCount "85"]
[EventDate "1996.08.??"]
[Source "www.chesslib.no"]
[SourceDate "2004.05.04"]

1. e4 e5 2. Bc4 Nc6 3. d3 d6 4. f4 Na5 5. Nf3 Nxc4 6. dxc4 exf4 7. O-O Be7 8. Bxf4 Nf6 9. Nc3 O-O 10. Qd3 Be6 11. Rad1 Nd7 12. Nd4 Bg4 13. Rd2 Ne5 14. Bxe5 dxe5 15. Qg3 exd4 16. Qxg4 Qc8 17. Qxc8 Raxc8 18. Nd5 Bg5 19. Rxd4 c6 20. Nf4 Rfe8 21. g3 Bf6 22. Rd7 Rxe4 23. Rxb7 g6 24. c3 Be7 25. Kg2 a5 26. Rd1 Bf6 27. Rdd7 Rf8 28. Rd6 Be5 29. Rxc6 Bxf4 30. gxf4 Rfe8 31. Kf3 h5 32. Rf6 Re3+ 33. Kf2 Re2+ 34. Kg3 R8e3+ 35. Kh4 Rg2 36. h3 Re1 37. Rfxf7 Re8 38. c5 Rxb2 39. Kg5 Rxa2 40. Kh6 Rg2 41. Rg7+ Kh8 42. Rh7+ Kg8 43. Rbg7+ 1-0

[Event "Bad Zwesten op"]
[Site "Bad Zwesten"]
[Date "1998.??.??"]
[Round "7"]
[White "Mueller, Matthias"]
[Black "Lau, Udo"]
[Result "1-0"]
[WhiteElo "2345"]
[BlackElo "2255"]
[PlyCount "78"]
[EventDate "1998.01.02"]
[Source "www.chesslib.no"]
[SourceDate "2004.05.04"]

1. e4 e5 2. Bc4 d6 3. d3 Nf6 4. Nc3 Be7 5. f4 O-O 6. Nf3 exf4 7. Bxf4 c6 8. Bb3 Na6 9. d4 Nc7 10. O-O Ne6 11. Bg3 d5 12. exd5 Nxd5 13. Nxd5 cxd5 14. c3 a5 15. Ne5 Ra6 16. Nd3 Ng5 17. Nf4 Rd6 18. Qd3 g6 19. Rae1 Bf5 20. Qb5 a4 21. Nxd5 Rd7 22. Nxe7+ Rxe7 23. Qxa4 Rxe1 24. Rxe1 Ne4 25. Be5 Qh4 26. g3 Qh6 27. Bf4 g5 28. Bc1 Qh3 29. Bd5 Nxg3 30. Bg2 Qh4 31. hxg3 Qxg3 32. Re3 Qg4 33. Qc4 h5 34. Qe2 Qh4 35. Qf2 Qxf2+ 36. Kxf2 Kg7 37. Bxb7 Kg6 38. Be4 h4 39. Bxf5+ Kxf5 1-0

[Event "Sarospatak Open"]
[Site "Sarospatak"]
[Date "1995.??.??"]
[Round "?"]
[White "Mozes, Ervin"]
[Black "Klemanic, Emil"]
[Result "0-1"]
[WhiteElo "2380"]
[BlackElo "2220"]
[PlyCount "48"]
[EventDate "1995.??.??"]
[Source "www.chesslib.no"]
[SourceDate "2004.05.04"]

1. e4 e5 2. Bc4 d6 3. Nf3 Be6 4. Bxe6 fxe6 5. d4 exd4 6. Qxd4 Nc6 7. Qa4 Qd7 8. O-O Be7 9. c4 Nf6 10. Nc3 O-O 11. h3 h6 12. Rd1 e5 13. c5 Rf7 14. Nd5 Nh5 15. Qb5 Raf8 16. Qxb7 Rxf3 17. Qxc6 Qe6 18. gxf3 Bh4 19. Ne7+ Qxe7 20. cxd6 Qf6 21. Rd3 Qg6+ 22. Kf1 Ng3+ 23. Ke1 Nh1 24. Be3 cxd6 0-1

[Event "Polanica Zdroj op"]
[Site "Polanica Zdroj"]
[Date "1999.08.22"]
[Round "6"]
[White "Swicarz, Maciej"]
[Black "Fedorchuk, Sergey A"]
[Result "1-0"]
[WhiteElo "2134"]
[BlackElo "2457"]
[PlyCount "203"]
[EventDate "1999.08.17"]
[Source "www.chesslib.no"]
[SourceDate "2004.05.04"]

1. e4 e5 2. Bc4 Nc6 3. d3 Nf6 4. Ne2 d5 5. exd5 Nxd5 6. Nbc3 Be6 7. Bxd5 Bxd5 8. O-O Bc5 9. Nxd5 Qxd5 10. Nc3 Qd7 11. Be3 Nd4 12. Ne4 Bb6 13. a4 a5 14. c3 Ne6 15. Bxb6 cxb6 16. Qf3 O-O 17. Rfd1 Rad8 18. Qe3 Qc6 19. Ng5 Nf4 20. Nf3 Rfe8 21. d4 Nd5 22. Qe4 exd4 23. Qxd4 Qc7 24. Re1 Nf4 25. Rad1 h6 26. Rxe8+ Rxe8 27. Qd7 Qxd7 28. Rxd7 Re2 29. Rd2 Re4 30. g3 Ne6 31. Rd6 Rxa4 32. Rxb6 Nd8 33. Nd4 Kf8 34. Nb3 g5 35. Rb5 Nc6 36. Rxb7 Ne5 37. Rb8+ Kg7 38. Rb5 Nc4 39. Nd4 Ra1+ 40. Kg2 a4 41. Rb4 Nd2 42. Nc2 Rc1 43. Na3 f5 44. h3 Re1 45. Rxa4 Re2 46. g4 Ne4 47. gxf5 Rxf2+ 48. Kg1 Re2 49. Nc4 Kf6 50. Ra5 h5 51. Rd5 h4 52. Ne5 Kxf5 53. Nd3+ Kf6 54. c4 Re3 55. c5 Ke6 56. Rd4 Rg3+ 57. Kf1 Nd2+ 58. Ke2 Nb3 59. Rc4 Kd5 60. Rc3 Nd4+ 61. Kf2 Nc6 62. Ne1 g4 63. hxg4 Rxg4 64. Nc2 Rf4+ 65. Kg2 Rg4+ 66. Kh2 Re4 67. Kh3 Nb4 68. Nxb4+ Rxb4 69. c6 Rb8 70. b4 Kd6 71. b5 Kc7 72. Rb3 Rh8 73. Rb4 Kb6 74. Rxh4 Ra8 75. Rh5 Rg8 76. Kh4 Rg1 77. Rg5 Rf1 78. Kg4 Rf2 79. Rf5 Re2 80. Kf4 Re1 81. Re5 Rd1 82. Kf5 Rc1 83. Ke6 Kc7 84. Re4 Rb1 85. Re5 Rb2 86. Rc5 Re2+ 87. Kd5 Rd2+ 88. Kc4 Kb6 89. Kc3 Rd1 90. Kc2 Rd8 91. Rh5 Rg8 92. Kc3 Rg3+ 93. Kd4 Rg4+ 94. Ke3 Rg3+ 95. Kf4 Rc3 96. Rd5 Rc4+ 97. Ke5 Rc1 98. Kd6 Rh1 99. Kd7 Rh7+ 100. Kc8 Rh8+ 101. Rd8 Rh7 102. Kb8 1-0

[Event "DDR Ch 26th"]
[Site "Frankfurt/Oder"]
[Date "1977.??.??"]
[Round "2"]
[White "Casper, Thomas"]
[Black "Mueller, Klaus-Uwe"]
[Result "1-0"]
[WhiteElo "2280"]
[BlackElo "2300"]
[PlyCount "77"]
[EventDate "1977.02.10"]
[Source "www.chesslib.no"]
[SourceDate "2004.05.04"]

1. e4 e5 2. Bc4 d6 3. Nc3 Nf6 4. d3 Be7 5. Nge2 O-O 6. O-O c6 7. Bb3 Nbd7 8. h3 b5 9. f4 Nc5 10. Ng3 a5 11. a4 Nxb3 12. cxb3 b4 13. Nce2 Re8 14. Be3 g6 15. Qc2 Ba6 16. Rad1 Qc7 17. f5 d5 18. Bg5 Nxe4 19. Bxe7 Nxg3 20. Nxg3 Rxe7 21. Qc1 Qd8 22. Rfe1 Qd6 23. Qh6 Rd7 24. fxg6 fxg6 25. Qg5 Re8 26. Nf5 Qe6 27. Nh6+ Kg7 28. Ng4 e4 29. Rf1 Bxd3 30. Qh6+ Kh8 31. Rf8+ Rxf8 32. Qxf8+ Qg8 33. Qxg8+ Kxg8 34. Nf6+ Kg7 35. Nxd7 Bc2 36. Rc1 Bxb3 37. Rxc6 e3 38. Re6 d4 39. Re4 1-0

[Event "Tel Aviv-B"]
[Site "Tel Aviv"]
[Date "1991.??.??"]
[Round "2"]
[White "Temanlis, Yoel"]
[Black "Liss, Eran"]
[Result "1/2-1/2"]
[WhiteElo "2255"]
[BlackElo "2325"]
[PlyCount "34"]
[EventDate "1991.07.??"]
[Source "ChessBase"]

1. e4 e5 2. Bc4 Nc6 3. c3 Nf6 4. Qe2 Bc5 5. d3 h6 6. Be3 Bb6 7. Bb3 d5 8. Bxb6 axb6 9. Nf3 O-O 10. O-O dxe4 11. dxe4 Bg4 12. h3 Bxf3 13. Qxf3 Na5 14. Na3 Nxb3 15. axb3 Qd7 16. Qe2 Qe6 17. b4 Qc6 1/2-1/2

[Event "Metz op 20th"]
[Site "Metz"]
[Date "2002.04.19"]
[Round "7"]
[White "Wohl, Aleksandar H"]
[Black "Plane, Boris"]
[Result "1-0"]
[WhiteElo "2395"]
[BlackElo "2162"]
[PlyCount "55"]
[EventDate "2002.04.13"]
[Source "ChessBase"]
[SourceDate "2002.05.03"]

1. e4 e5 2. Bc4 Nc6 3. Nc3 d6 4. d3 g6 5. Nf3 Bg7 6. Ng5 Nh6 7. h4 Nd4 8. Ne2 Ne6 9. Nxe6 Bxe6 10. Bxe6 fxe6 11. Bg5 Qd7 12. Qd2 Nf7 13. h5 h6 14. Be3 g5 15. O-O-O O-O-O 16. Qa5 a6 17. c4 d5 18. cxd5 exd5 19. Ng3 Rhe8 20. Kb1 dxe4 21. Nxe4 Nd6 22. Rc1 Kb8 23. Nc5 Qf7 24. Nxa6+ bxa6 25. Qxa6 Nb7 26. Qa7+ Kc8 27. Qa8+ Kd7 28. Qxb7 1-0

[Event "Erkel mem op"]
[Site "?"]
[Date "2000.11.06"]
[Round "9"]
[White "Butunoi Alexandru"]
[Black "Biro Sandor"]
[Result "1-0"]
[WhiteElo "2227"]
[BlackElo "2328"]
[PlyCount "77"]
[EventDate "2000.??.??"]
[Source "www.chesslib.no"]
[SourceDate "2004.05.04"]

1. e4 e5 2. Bc4 Nc6 3. c3 Nf6 4. Qe2 Be7 5. Nf3 O-O 6. O-O d6 7. h3 Na5 8. Bb5 a6 9. Ba4 b5 10. Bc2 c5 11. d4 Qc7 12. d5 c4 13. Nbd2 Nb7 14. Rd1 Nc5 15. b3 Bd7 16. b4 Na4 17. Bxa4 bxa4 18. Ne1 Rac8 19. Nc2 g6 20. Nf1 Ne8 21. Bh6 Ng7 22. f4 f6 23. g4 Kh8 24. f5 Rg8 25. Ng3 Nxf5 26. exf5 gxf5 27. Ne3 fxg4 28. h4 Rg6 29. Nef5 Bxf5 30. Nxf5 Qd7 31. Rf1 Bf8 32. Bxf8 Rxf8 33. Qxc4 Rc8 34. Qd3 g3 35. Kg2 Rg4 36. Rae1 Rcc4 37. Re3 Rcf4 38. Rxg3 e4 39. Rxf4 1-0

[Event "HUN-chT2 9697"]
[Site "?"]
[Date "1996.??.??"]
[Round "4"]
[White "Istvanovszky Kalman"]
[Black "Kotan Ladislav"]
[Result "0-1"]
[WhiteElo "2235"]
[BlackElo "2320"]
[PlyCount "48"]
[EventDate "1996.??.??"]
[Source "www.chesslib.no"]
[SourceDate "2004.05.04"]

1. e4 e5 2. Bc4 Nc6 3. c3 Nf6 4. Qe2 Be7 5. f4 d6 6. Nf3 O-O 7. O-O exf4 8. Bb3 d5 9. e5 Nh5 10. d4 g6 11. Na3 a6 12. Bd2 Na5 13. Bc2 c5 14. Rad1 Nc6 15. Bc1 Bg4 16. Kh1 Re8 17. Bb3 Bf8 18. Qf2 c4 19. Bc2 f6 20. b3 b5 21. bxc4 bxc4 22. Rde1 Bxf3 23. Qxf3 fxe5 24. g4 fxg3 0-1

[Event "CZE Team Ch"]
[Site "Czech Republic"]
[Date "1994.??.??"]
[Round "?"]
[White "Zvara, Petr"]
[Black "Kalivoda, Jaroslav"]
[Result "1-0"]
[WhiteElo "2325"]
[BlackElo "2225"]
[PlyCount "79"]
[EventDate "1994.??.??"]
[Source "www.chesslib.no"]
[SourceDate "2004.05.04"]

1. e4 e5 2. Bc4 Nc6 3. d3 Bc5 4. Nf3 d6 5. c3 Qe7 6. b4 Bb6 7. Bg5 Nf6 8. Nbd2 h6 9. Be3 Be6 10. Bb3 Bxb3 11. axb3 Bxe3 12. fxe3 d5 13. O-O dxe4 14. dxe4 Qe6 15. Nh4 Ne7 16. Qf3 O-O 17. Nf5 Nxf5 18. exf5 Qd5 19. Nc4 Qxf3 20. gxf3 e4 21. Kf2 Rfd8 22. Rfd1 Rd5 23. Rxd5 Nxd5 24. Rd1 Nxc3 25. Rd7 exf3 26. Ne5 Ne4+ 27. Kxf3 Nd6 28. Rxc7 b6 29. Kf4 f6 30. Nc6 Nb5 31. Rd7 Kf8 32. e4 Re8 33. Nd8 Re7 34. Ne6+ Kf7 35. Rd8 Rb7 36. Rd5 Nc3 37. Rd3 Ne2+ 38. Ke3 Nc1 39. Rd1 Ke8 40. Rxc1 1-0

[Event "Le Touquet op"]
[Site "Le Touquet"]
[Date "1996.??.??"]
[Round "?"]
[White "Vlassov, Nikolai"]
[Black "Pimenta, Antonio"]
[Result "1-0"]
[WhiteElo "2380"]
[BlackElo "2170"]
[PlyCount "63"]
[EventDate "1996.??.??"]
[Source "www.chesslib.no"]
[SourceDate "2004.05.04"]

1. e4 e5 2. Bc4 Nc6 3. d3 Bc5 4. f4 Bxg1 5. Rxg1 Qh4+ 6. g3 Qxh2 7. Be3 Nd4 8. Nd2 d6 9. Bxd4 exd4 10. Nf3 Qh5 11. Nxd4 Qxd1+ 12. Rxd1 c6 13. g4 Ne7 14. Rd2 Bd7 15. Rh2 d5 16. exd5 Nxd5 17. Bxd5 cxd5 18. Rgh1 Bxg4 19. Rxh7 Rxh7 20. Rxh7 O-O-O 21. Rxg7 f5 22. Kd2 Rd7 23. Rg8+ Rd8 24. Rxd8+ Kxd8 25. Kc3 a6 26. Ne6+ Kd7 27. Nc5+ Kc6 28. Kd4 a5 29. Nb3 b6 30. Ke5 Bd1 31. Kxf5 Kd6 32. Nd4 1-0

[Event "Andorra op 18th"]
[Site "Andorra"]
[Date "2000.07.01"]
[Round "8"]
[White "Larsen, Karsten"]
[Black "Avila Jimenez, Javier"]
[Result "1-0"]
[WhiteElo "2294"]
[BlackElo "2240"]
[PlyCount "142"]
[EventDate "2000.06.24"]
[Source "ChessBase"]
[SourceDate "2000.07.11"]

1. e4 e5 2. Bc4 d6 3. d3 Be7 4. Nc3 Nf6 5. f4 O-O 6. Nf3 Nbd7 7. O-O c6 8. a4 a5 9. Kh1 Qc7 10. Qe1 Re8 11. fxe5 dxe5 12. Nh4 Nf8 13. Qg3 Be6 14. Nf5 Ng6 15. Bxe6 fxe6 16. Nxe7+ Rxe7 17. Be3 Rf7 18. Qh3 Qd6 19. g3 Re8 20. Qg2 Qb4 21. Rab1 Ref8 22. Qg1 Nd7 23. Rxf7 Rxf7 24. Qe1 Ngf8 25. b3 Qd6 26. Kg2 Nf6 27. h3 N8d7 28. Ne2 b6 29. Qd2 c5 30. Nc3 Qc6 31. Rf1 Nb8 32. Qf2 Rf8 33. g4 Na6 34. Qg3 Nd7 35. Rxf8+ Kxf8 36. Qh4 Kg8 37. Qe7 Nf8 38. Qh4 Nb4 39. Qf2 Ng6 40. h4 Qe8 41. h5 Ne7 42. Nb5 Qd7 43. Na3 Nec6 44. Nc4 Qd8 45. Kh3 Nd4 46. Nxe5 Qf6 47. Bxd4 cxd4 48. Qxf6 gxf6 49. Nd7 Kf7 50. Nxb6 Nxc2 51. Nc4 Nb4 52. Nxa5 Nxd3 53. Nc6 e5 54. a5 Nc5 55. Kg2 Ke6 56. b4 d3 57. Kf3 Nxe4 58. a6 Nd6 59. a7 e4+ 60. Kf2 e3+ 61. Kxe3 d2 62. Kxd2 Nc4+ 63. Kd3 Nb6 64. Ke4 h6 65. Nd4+ Kf7 66. Nf5 Na8 67. Kd5 Ke8 68. Kc6 Kd8 69. Nxh6 f5 70. Nxf5 Ke8 71. Kb7 Kf7 1-0

[Event "HUN-chT2 9495"]
[Site "HUN"]
[Date "1995.??.??"]
[Round "?"]
[White "Donka, Peter"]
[Black "Babics, Andras"]
[Result "1/2-1/2"]
[WhiteElo "2270"]
[BlackElo "2260"]
[PlyCount "85"]
[EventDate "1994.??.??"]
[Source "www.chesslib.no"]
[SourceDate "2004.05.04"]

1. e4 e5 2. Bc4 Nc6 3. Nc3 d6 4. d3 Be6 5. Bb3 Nf6 6. f4 Be7 7. Nf3 Bxb3 8. axb3 Qd7 9. O-O h6 10. Nd5 exf4 11. Bxf4 Nxd5 12. exd5 Nb4 13. c4 O-O 14. d4 a5 15. Bd2 Bf6 16. Bxb4 axb4 17. Qd2 Rxa1 18. Rxa1 Re8 19. Rd1 Qg4 20. h3 Qg3 21. Qf2 Qf4 22. Qd2 Qe3+ 23. Qxe3 Rxe3 24. Ra1 Rxb3 25. Ra7 Rxb2 26. Rxb7 b3 27. Rxc7 Rc2 28. Rb7 b2 29. Kh2 g5 30. Kg3 h5 31. Rb6 Kg7 32. c5 dxc5 33. d6 cxd4 34. d7 Be7 35. Nxd4 Rc3+ 36. Kh2 Rc5 37. Rxb2 Rd5 38. Nc6 Rxd7 39. Nxe7 Rxe7 40. h4 g4 41. Rb5 Kg6 42. Rg5+ Kh6 43. Rf5 1/2-1/2

[Event "Oberliga Nord O 9293"]
[Site "GER"]
[Date "1993.??.??"]
[Round "?"]
[White "Gohlke, Herbert"]
[Black "Behrmann, Joachim"]
[Result "1/2-1/2"]
[WhiteElo "2300"]
[BlackElo "2225"]
[PlyCount "53"]
[EventDate "1992.10.??"]
[Source "www.chesslib.no"]
[SourceDate "2004.05.04"]

1. e4 e5 2. Bc4 Nc6 3. c3 Nf6 4. Qe2 Bc5 5. d3 h6 6. Be3 Bxe3 7. fxe3 O-O 8. Nd2 d6 9. Ngf3 Be6 10. h3 Qe8 11. g4 Bxc4 12. dxc4 Nd8 13. g5 hxg5 14. Nxg5 Ne6 15. h4 g6 16. O-O-O Nh5 17. Rdg1 Neg7 18. Nf1 a6 19. Ng3 Kh8 20. Rh2 b5 21. Nxh5 Nxh5 22. Rhg2 Rb8 23. Nxf7+ Rxf7 24. Rxg6 Rh7 25. R1g5 Qf7 26. Qxh5 Qf1+ 27. Qd1 1/2-1/2

[Event "Moscow-ch op"]
[Site "Moscow"]
[Date "1998.??.??"]
[Round "6"]
[White "Remizov, Juri"]
[Black "Igriashvili, Zurab"]
[Result "1-0"]
[WhiteElo "2160"]
[BlackElo "2360"]
[PlyCount "91"]
[EventDate "1998.??.??"]
[Source "www.chesslib.no"]
[SourceDate "2004.05.04"]

1. e4 e5 2. Bc4 d6 3. f4 exf4 4. d4 Qh4+ 5. Kf1 Be6 6. Qd3 Nd7 7. Bxe6 fxe6 8. Qb3 Qg4 9. Nf3 O-O-O 10. Nc3 a6 11. h3 Qg6 12. Bxf4 Be7 13. Be3 Rf8 14. Re1 Bh4 15. Bf2 Bxf2 16. Kxf2 Ne7 17. Rhf1 Qh6 18. Kg1 g5 19. Qc4 Nb6 20. Qd3 Ng6 21. Ne2 Rhg8 22. Nh2 Nf4 23. Nxf4 gxf4 24. Rf3 Nd7 25. e5 dxe5 26. dxe5 Qg5 27. Rf2 Nxe5 28. Qxh7 f3 29. Qe4 Rf5 30. Re3 Qg3 31. Nxf3 Rh8 32. Kf1 Kb8 33. Ke2 Rhh5 34. a4 Rf4 35. Qxf4 Qxf4 36. Nxe5 Qxa4 37. b3 Qb5+ 38. Nd3 Rd5 39. c4 Qxb3 40. cxd5 Qxd5 41. g4 a5 42. Re5 Qa2+ 43. Ke3 Qa3 44. g5 Qc3 45. g6 c5 46. g7 1-0

[Event "Finland"]
[Site "?"]
[Date "2003.??.??"]
[Round "7"]
[White "Soppela Jouni"]
[Black "Kytoniemi Jyrki"]
[Result "1/2-1/2"]
[WhiteElo "2222"]
[BlackElo "2295"]
[PlyCount "57"]
[EventDate "2003.??.??"]
[Source "www.chesslib.no"]
[SourceDate "2004.05.04"]

1. e4 e5 2. Bc4 Nc6 3. f4 Bc5 4. Nf3 d6 5. c3 Nf6 6. d3 Qe7 7. Qe2 Be6 8. Bb5 Bd7 9. b4 Bb6 10. Na3 a5 11. Nc4 axb4 12. Nxb6 cxb6 13. c4 b3 14. O-O Nb4 15. a4 Bxb5 16. cxb5 Nd7 17. Qd2 Nc2 18. Rb1 Nc5 19. Bb2 O-O 20. fxe5 dxe5 21. Bxe5 Rad8 22. d4 f6 23. Qc3 fxe5 24. dxc5 Qxc5+ 25. Qxc5 bxc5 26. Rxb3 Nd4 27. Ra3 b6 28. Raa1 Nxf3+ 29. Rxf3 1/2-1/2

[Event "BL2-N 9697"]
[Site "?"]
[Date "1996.??.??"]
[Round "?"]
[White "Lang Jens"]
[Black "Erler Rainer"]
[Result "1-0"]
[WhiteElo "2330"]
[BlackElo "2185"]
[PlyCount "78"]
[EventDate "1996.??.??"]
[Source "www.chesslib.no"]
[SourceDate "2004.05.04"]

1. e4 e5 2. Bc4 Nc6 3. Nc3 d6 4. d3 Na5 5. Nge2 Nxc4 6. dxc4 Be6 7. Qd3 Qd7 8. Ng3 g6 9. f4 f6 10. O-O Bg7 11. f5 Bf7 12. Be3 Qc6 13. Nd5 g5 14. b4 b6 15. c5 dxc5 16. bxc5 Bf8 17. cxb6 axb6 18. a4 Ra5 19. Rfd1 Bc5 20. Bxc5 Rxc5 21. Nxb6 Kf8 22. Nd7+ Kg7 23. Nxc5 Qxc5+ 24. Kh1 Nh6 25. Qe2 Ra8 26. Nh5+ Bxh5 27. Qxh5 Qc6 28. a5 Nf7 29. Qe2 Nd6 30. Qd3 Ra7 31. c4 Qc5 32. Qd5 Qe3 33. Re1 Qf2 34. Rf1 Qe2 35. Rfe1 Qf2 36. h3 g4 37. hxg4 h5 38. gxh5 Rb7 39. Qd1 Rb2 1-0

[Event "Kringsja"]
[Site "Oslo"]
[Date "1978.??.??"]
[Round "5"]
[White "Ulrichsen, Jarl Henning"]
[Black "Heggheim, Bjorn"]
[Result "1-0"]
[WhiteElo "2315"]
[BlackElo "2200"]
[PlyCount "63"]
[EventDate "1978.01.??"]
[Source "ChessBase"]

1. e4 e5 2. Bc4 Nc6 3. d3 Bc5 4. Nc3 d6 5. Na4 Bb6 6. a3 Be6 7. Bxe6 fxe6 8. Nxb6 axb6 9. Ne2 Qh4 10. Ng3 Nf6 11. h3 O-O 12. c3 Ne7 13. Be3 d5 14. Qb3 Ng6 15. O-O-O Nf4 16. Rhg1 dxe4 17. dxe4 Nxe4 18. Nxe4 Ne2+ 19. Kd2 Nxg1 20. Qxe6+ Kh8 21. f3 Rad8+ 22. Kc2 Rxd1 23. Kxd1 Qd8+ 24. Kc2 Ne2 25. Qxe5 Qd7 26. Bh6 Rd8 27. Kb1 Re8 28. Bxg7+ Kg8 29. Nf6+ Kf7 30. Nxd7 Rxe5 31. Nxe5+ Kxg7 32. Nd3 1-0

[Event "Fishbecks"]
[Site "Pasadena, CA USA"]
[Date "1992.??.??"]
[Round "?"]
[White "Lagua, Bende"]
[Black "Muhammad, Stephen A"]
[Result "0-1"]
[WhiteElo "2270"]
[BlackElo "2235"]
[PlyCount "86"]
[EventDate "1992.??.??"]
[Source "www.chesslib.no"]
[SourceDate "2004.05.04"]

1. e4 e5 2. Bc4 Nc6 3. d3 Bc5 4. Nf3 Nf6 5. a4 O-O 6. Bg5 d6 7. c3 a6 8. Nbd2 h6 9. Bh4 Ba7 10. a5 g5 11. Bg3 Nh5 12. b4 Qf6 13. Qe2 Ne7 14. Nf1 Ng6 15. Ne3 c6 16. Nd2 Nhf4 17. Bxf4 exf4 18. Nd1 Nh4 19. f3 Re8 20. d4 d5 21. e5 Qg7 22. Nb2 dxc4 23. Ne4 Be6 24. O-O-O Bd5 25. Nd6 Re7 26. Ne4 Nf5 27. Rd2 Bxe4 28. fxe4 Nxd4 29. Rxd4 Bxd4 30. cxd4 Rd8 31. Rd1 c3 32. Nc4 Qg6 33. d5 cxd5 34. exd5 Qf5 35. d6 Ree8 36. Rd5 f6 37. Qh5 fxe5 38. d7 Re7 39. Nd6 Qe6 40. Ne8 Rdxd7 41. Rxd7 Rxd7 42. Nf6+ Kg7 43. Ne8+ Kh7 0-1